000 00836nam a2200241 a 4500
008
020 _a0070237891 (pbk.)
049 _aMAIN
090 _aQA76.5
100 1 _aGore, Marvin R.
245 1 0 _aInstructor's manual with transparency masters to accompany Computers and data processing /
_cMarvin R. Gore and John W. Stubbe.
260 _aNew York, NY. :
_bMcGraw-Hill,
_c1979.
300 _aix, 181 [129] p. :
_bill. ;
_c28 cm.
650 1 _aComputers
_xData processing.
650 _aComputers
_xStudy and teaching.
700 _aStubbe, John W.
740 _aComputers and data processing :
_bInstructor's manual with transparency masters.
907 _a.b10088313
_b09-09-03
_c09-09-03
003
005 20230123133417.0
040 _cNUST
942 _cBOOKS
_kQA76.5
999 _c148122
_d148122